Statistiques concernant Adjectifs liés au corps humain aléatoires

Cliquez ici pour prendre le quiz!

Statistiques générales

  • Ce quiz a été pris 160 fois
  • Le résultat moyen est 3 sur 8

Statistiques - réponses

OrganeAdjectif% Correct
CoeurCardiaque
92%
BoucheBuccal
91%
RectumRectal
89%
DoigtDigital
86%
OvaireOvarien
86%
IntestinIntestinal
75%
PoumonPulmonaire
75%
VulveVulvaire
75%
ReinsRénal
71%
UtérusUtérin
57%
PancréasPancréatique
56%
CubitusUlnaire / Cubital
56%
CôtesCostal
50%
LangueLingual
50%
LèvreLabial
45%
PénisPénien
44%
TibiaTibial
44%
FoieHépatique
43%
CuisseCrural
40%
PeauCutané
40%
DentDental
40%
ŒsophageŒsophagien
40%
HancheCoxal
33%
GenciveGingival
33%
ThymusThymique
33%
ThyroïdeThyroïdien
33%
TrachéeTrachéen
33%
VessieVésical
31%
CerveletCérébelleux
30%
OeilOcculaire
27%
RateSplénique
25%
AisselleAxillaire
22%
IrisIridien
22%
LarynxLaryngé
20%
BassinPelvien
20%
DiaphragmePhrénique/ Diaphragmatique
20%
EstomacStomacal
20%
CouCervical
17%
AineInguinal
17%
CoudeCubital
11%
JoueMalaire / Jugal
11%
OreilleAuriculaire
0%
BrasBracchial
0%
Vésicule biliaireCystique
0%
PiedPedieux / Podal
0%

Distribution des résultats

Percentile par nombre de réponses

% des personnes avec chaque résultat

Votre développement - résultats

Vous n’avez pas pris ce quiz